| 000 | 00694cam a22002291 4500 | ||
|---|---|---|---|
| 001 | sg 44000134 | ||
| 003 | DLC | ||
| 005 | 20260227112743.0 | ||
| 008 | 800627s1944 nyuf b 000 0 eng c | ||
| 010 | _asg 44000134 | ||
| 035 | _a(OCoLC)6469081 | ||
| 040 |
_aU.S. Surg.-gen. off. Libr. _cTxCM _dDLC |
||
| 042 | _apremarc | ||
| 050 | 0 | 0 |
_aRM216 _b.P4 |
| 082 | _a613.23 | ||
| 100 | 1 |
_aPelner, Louis, _d1907- |
|
| 245 | 1 | 4 |
_aThe diet therapy of disease, _ba handbook of practical nutrition, _cby Louis Pelner ... |
| 260 |
_aNew York, N.Y., _bPersonal diet service, _c1944. |
||
| 300 |
_a143, [2] p. _bplates. _c29 x 22 cm. |
||
| 504 | _a"References": p. 137-143. | ||
| 650 | 0 | _aDiet in disease. | |
| 999 |
_c90390 _d90390 |
||